[Event "69th ch-RUS HL 2016"]
[Site "Kolomna RUS"]
[Date "2016.06.30"]
[Round "8.30"]
[White "Bykov, Egor"]
[Black "Suleymanyants, Odisey"]
[Result "0-1"]
[WhiteTitle "FM"]
[BlackTitle "FM"]
[WhiteElo "2341"]
[BlackElo "2268"]
[WhiteFideId "34115290"]
[BlackFideId "24149357"]
[EventDate "2016.06.22"]

1. d4 Nf6 2. Nf3 d6 3. g3 Nbd7 4. Bg2 e5 5. O-O exd4 6. Nxd4 g6 7. c4 Bg7 8. Nc3
O-O 9. e4 Re8 10. f3 c6 11. Kh1 a5 12. Be3 Nc5 13. Qd2 a4 14. Rfd1 Qa5 15. Rab1
Nfd7 16. b4 axb3 17. axb3 Qb4 18. Nce2 Qxd2 19. Rxd2 f5 20. Bf4 fxe4 21. Bxd6 e3
22. Rdd1 Ra2 23. Bf1 Rd2 24. Bf4 Bxd4 25. Nxd4 Rxd4 26. Rxd4 e2 27. Bxe2 Rxe2
28. Bd6 Ne6 29. Rd3 Kf7 30. g4 Ne5 31. Bxe5 Rxe5 32. Rd2 Nf4 33. Kg1 Be6 34. Kf2
g5 35. Ra1 b5 36. Ra7+ Kg6 37. Rc7 bxc4 38. bxc4 c5 39. Rd6 Kf6 40. Kf1 h6 41.
Rdc6 Nd3 42. Rh7 Re1+ 43. Kg2 Ke5 44. Rxh6 Bxc4 45. h4 Bd5 46. Rc8 Nf4+ 47. Kf2
Re2+ 48. Kf1 Kd4 49. hxg5 Re3 50. Rd6 Rxf3+ 51. Kg1 Rg3+ 52. Kf2 Rxg4 53. g6
Nxg6 54. Rg8 Rf4+ 55. Ke2 Re4+ 56. Kd2 Ne5 57. Rdd8 Nf3+ 58. Kc2 c4 59. Rg3 Re2+
60. Kc1 Ne5 61. Kd1 Rf2 62. Rh3 Nd3 63. Rg3 Ke5 0-1

[Event "69th ch-RUS HL 2016"]
[Site "Kolomna RUS"]
[Date "2016.07.01"]
[Round "9.1"]
[White "Riazantsev, Alexander"]
[Black "Oparin, Grigoriy"]
[Result "1/2-1/2"]
[WhiteElo "2646"]
[BlackElo "2597"]
[EventDate "2016.06.22"]

1. c4 e6 2. Nc3 d5 3. d4 Be7 4. cxd5 exd5 5. Bf4 c6 6. e3 Bf5 7. Nge2 Nd7
8. h4 Ngf6 9. Ng3 Be6 10. Bd3 Nb6 11. Qc2 Bd6 12. Nge2 Nh5 13. Bxd6 Qxd6
14. O-O-O g6 15. Kb1 O-O-O 16. Na4 Nd7 17. Rc1 Ng7 18. Ng3 Kb8 19. Qd2 Rc8
20. Rc3 Qe7 21. h5 Bf5 22. Rcc1 Bxd3+ 23. Qxd3 Ne6 24. Qb3 Ka8 25. Qd3 Kb8
26. Qb3 Ka8 27. Qd3 1/2-1/2

[Event "69th ch-RUS HL 2016"]
[Site "Kolomna RUS"]
[Date "2016.07.01"]
[Round "9.2"]
[White "Zvjaginsev, Vadim"]
[Black "Fedoseev, Vladimir"]
[Result "1/2-1/2"]
[WhiteElo "2677"]
[BlackElo "2665"]
[EventDate "2016.06.22"]

1. e4 c5 2. Nc3 Nc6 3. Bb5 Nd4 4. Nf3 e6 5. O-O a6 6. Bd3 Nc6 7. b3 d6 8.
Bb2 Nf6 9. Re1 Qc7 10. Bf1 Be7 11. a4 O-O 12. g3 b6 13. Bg2 Bb7 14. d3 Rfd8
15. Qd2 Rac8 16. Nd1 d5 17. exd5 Nxd5 18. Ne3 Ndb4 19. Nc4 Nd4 20. Nxd4
cxd4 21. Bxb7 Qxb7 22. Ba3 Nd5 23. Bxe7 Qxe7 24. a5 b5 25. Nb6 Rc6 26. Nxd5
Rxd5 27. Re2 Qc7 28. b4 Rd8 29. Rc1 Qd6 30. c4 dxc3 31. Rxc3 Rdc8 32. Rxc6
Qxc6 33. d4 Kf8 34. Re5 Qc1+ 35. Qxc1 Rxc1+ 36. Kg2 Rc4 37. Rc5 Rxd4 38.
Rc6 Rxb4 39. Rxa6 Ra4 40. h4 e5 41. Ra7 g6 42. a6 e4 43. Rb7 Rxa6 44. Rxb5
Kg7 45. h5 Ra2 46. hxg6 hxg6 47. Re5 f5 48. g4 Kf6 49. Re8 Kg5 50. gxf5
gxf5 51. Rg8+ Kf4 52. Re8 Ra6 53. Rb8 Kg5 54. Rg8+ Kf6 55. f3 Ra2+ 56. Kf1
e3 57. f4 Rf2+ 58. Ke1 Rxf4 59. Re8 1/2-1/2

[Event "69th ch-RUS HL 2016"]
[Site "Kolomna RUS"]
[Date "2016.07.01"]
[Round "9.3"]
[White "Goganov, Aleksey"]
[Black "Kokarev, Dmitry"]
[Result "1/2-1/2"]
[WhiteElo "2620"]
[BlackElo "2624"]
[EventDate "2016.06.22"]

1. d4 Nf6 2. c4 g6 3. Nc3 Bg7 4. e4 d6 5. Nf3 O-O 6. h3 e5 7. d5 a5 8. g4
Nfd7 9. Bg5 Qe8 10. Nd2 Nc5 11. Rg1 Nba6 12. a3 Bd7 13. Qc2 c6 14. Be2 Nc7
15. Be3 Qe7 16. Rg3 Kh8 17. h4 f5 18. Bxc5 dxc5 19. gxf5 gxf5 20. O-O-O Ne8
21. Bd3 Nd6 22. dxc6 bxc6 23. Na4 fxe4 24. Nxe4 Nf5 25. Rf3 Nd4 26. Rxf8+
Rxf8 27. Qc3 Qxh4 28. Naxc5 Bf5 29. Kb1 Qg4 30. Re1 h5 31. Ka2 h4 32. Qc1
Nf3 33. Rh1 Bh7 34. Qf1 Rf4 35. Nd6 e4 36. Be2 Qg6 37. Qd1 Nd4 38. Ndxe4
Nxe2 39. Qxe2 Qg2 40. Qd2 Rxe4 41. Qd8+ Bg8 42. Rxh4+ Rxh4 43. Qxh4+ Bh7
44. Qd8+ 1/2-1/2

[Event "69th ch-RUS HL 2016"]
[Site "Kolomna RUS"]
[Date "2016.07.01"]
[Round "9.4"]
[White "Ponkratov, Pavel"]
[Black "Lysyj, Igor"]
[Result "1/2-1/2"]
[WhiteElo "2573"]
[BlackElo "2663"]
[EventDate "2016.06.22"]

1. d4 d5 2. c4 e6 3. Nf3 Nf6 4. Nc3 dxc4 5. e4 Bb4 6. Bg5 c5 7. Bxc4 cxd4
8. Nxd4 Bxc3+ 9. bxc3 Qa5 10. Bb5+ Nbd7 11. Bxf6 Qxc3+ 12. Kf1 gxf6 13. h4
a6 14. Rh3 Qa5 15. Be2 Nc5 16. Nb3 Nxb3 17. Rxb3 Bd7 18. Rxb7 Bc6 19. Rb3
Bxe4 20. Qd4 Qd5 21. Qa4+ Qc6 22. Qxc6+ Bxc6 23. Rb6 Kd7 24. Rc1 Bd5 25.
Bxa6 Ra7 26. a4 Ke7 27. g3 f5 28. Ke2 Rha8 29. Bb5 Kd8 30. Ke3 h6 31. Kd4
Ke7 32. Rc5 Bb3 33. Ke5 Bxa4 34. Bxa4 f6+ 35. Kf4 Rxa4+ 36. Kf3 R8a7 37.
Rcc6 Re4 38. h5 Kf7 39. Rb8 Re1 40. Rcc8 Rh1 41. Rf8+ Kg7 42. Rg8+ Kh7 43.
Rh8+ 1/2-1/2

[Event "69th ch-RUS HL 2016"]
[Site "Kolomna RUS"]
[Date "2016.07.01"]
[Round "9.5"]
[White "Eliseev, Urii"]
[Black "Matlakov, Maxim"]
[Result "1/2-1/2"]
[WhiteElo "2602"]
[BlackElo "2691"]
[EventDate "2016.06.22"]

1. e4 e5 2. Nf3 Nc6 3. Bb5 a6 4. Ba4 Nf6 5. O-O Be7 6. Re1 b5 7. Bb3 d6 8.
c3 O-O 9. d4 Bg4 10. Be3 Bh5 11. h3 exd4 12. cxd4 Na5 13. Bc2 Nc4 14. Bc1
d5 15. e5 Ne4 16. b3 Nb6 17. Bxe4 dxe4 18. Rxe4 Nd5 19. Bb2 f5 20. Re1 Bb4
21. Rf1 Qe7 22. Qd3 Rad8 23. Nc3 Nf4 24. Qe3 Ne6 25. Rfd1 Bxc3 26. Bxc3 Rd5
27. b4 Qd7 28. Bb2 f4 29. Qc3 Rd8 30. Rac1 h6 31. Re1 Kh8 32. Qa3 Qe7 33.
Rc6 Bxf3 34. Qxf3 Qxb4 35. Bc3 Qe7 36. Rxa6 b4 37. Bb2 Nxd4 38. Qxf4 c5 39.
Qe4 Ne6 40. f4 Rd2 41. Ba1 c4 42. f5 Nc5 43. f6 gxf6 44. Qg6 c3 45. Qxh6+
Qh7 46. Qxf6+ Qg7 47. Qh4+ Kg8 48. Qc4+ Kh8 49. Qh4+ 1/2-1/2

[Event "69th ch-RUS HL 2016"]
[Site "Kolomna RUS"]
[Date "2016.07.01"]
[Round "9.6"]
[White "Alekseev, Evgeny"]
[Black "Sjugirov, Sanan"]
[Result "0-1"]
[WhiteElo "2626"]
[BlackElo "2665"]
[EventDate "2016.06.22"]

1. e4 e5 2. Nf3 Nc6 3. Bb5 a6 4. Ba4 Nf6 5. d3 b5 6. Bb3 Be7 7. Nc3 d6 8.
a3 Nd4 9. Nxd4 exd4 10. Ne2 c5 11. O-O O-O 12. Bg5 Nd7 13. Bd2 Nf6 14. Bg5
Nd7 15. Bf4 Nb6 16. Bd2 a5 17. Nf4 Bg5 18. Nd5 Bxd2 19. Qxd2 Be6 20. Nxb6
Qxb6 21. Bxe6 fxe6 22. f4 c4 23. Qe2 Qc5 24. g3 a4 25. Kg2 Rac8 26. Rf2 c3
27. bxc3 Qxc3 28. Ra2 b4 29. axb4 Qxb4 30. f5 exf5 31. exf5 Rce8 32. Qg4
Qb7+ 33. Qf3 Qb5 34. Ra1 Re3 35. Qf4 Qc5 36. Qg4 Kh8 37. f6 gxf6 38. Raf1
Qd5+ 39. Kg1 a3 40. Qd7 Qe6 41. Qa7 a2 42. Qxd4 Re1 43. Rxe1 Qxe1+ 44. Rf1
Qe6 45. Qa7 Qd5 46. Qe7 Qd4+ 47. Kg2 Ra8 48. c3 Qxc3 49. Rxf6 Qc6+ 50. Kf2
Qc5+ 51. Kg2 Qd5+ 0-1

[Event "69th ch-RUS HL 2016"]
[Site "Kolomna RUS"]
[Date "2016.07.01"]
[Round "9.7"]
[White "Alekseenko, Kirill"]
[Black "Khairullin, Ildar"]
[Result "1/2-1/2"]
[WhiteElo "2576"]
[BlackElo "2629"]
[EventDate "2016.06.22"]

1. e4 e5 2. Nf3 Nc6 3. Bb5 Nf6 4. d3 d6 5. c3 g6 6. O-O Bg7 7. Nbd2 Bd7 8.
Ba4 O-O 9. Re1 Nh5 10. Nf1 Kh8 11. h3 Qe8 12. Bb3 f5 13. exf5 gxf5 14. d4
e4 15. Bc4 Ne7 16. Ng5 Qg6 17. h4 Bf6 18. Be2 Ng7 19. Ng3 Ne6 20. h5 Qe8
21. Nxe6 Bxe6 22. h6 Bf7 23. Nh5 Bxh5 24. Bxh5 Ng6 25. g3 Qe7 26. Qb3 c6
27. a4 d5 28. Qa3 Qd7 29. Qb3 f4 30. Bxg6 fxg3 31. fxg3 hxg6 32. Kg2 Be7
33. Bf4 Kh7 34. Rf1 Rf7 35. Be5 Raf8 36. Rxf7+ Rxf7 37. Rf1 Rxf1 38. Kxf1
Kxh6 39. Kg2 b6 40. Qd1 g5 41. Qh1+ Kg6 42. Qh8 Bd8 43. Qg8+ Kh6 44. Qf8+
Kg6 45. Qg8+ Kh6 46. Kh2 Qf5 47. Qh8+ Kg6 1/2-1/2

[Event "69th ch-RUS HL 2016"]
[Site "Kolomna RUS"]
[Date "2016.07.01"]
[Round "9.8"]
[White "Volkov, Sergey"]
[Black "Predke, Alexandr"]
[Result "1-0"]
[WhiteElo "2604"]
[BlackElo "2550"]
[EventDate "2016.06.22"]

1. d4 Nf6 2. c4 e6 3. Nf3 b6 4. g3 Bb7 5. Bg2 Be7 6. O-O O-O 7. Re1 Na6 8.
a3 d5 9. cxd5 exd5 10. Nc3 c5 11. Bf4 Nc7 12. Qc2 Ne6 13. e3 Rc8 14. Bh3
Ne4 15. Rad1 Bf6 16. Be5 Qe7 17. Bxf6 Qxf6 18. Ne5 Rfd8 19. f3 Nd6 20. Qf2
h5 21. f4 g6 22. dxc5 Rxc5 23. Bg2 Ng5 24. Rd4 Qe6 25. Red1 Nf5 26. R4d3
Re8 27. b4 Rc7 28. Nxd5 Bxd5 29. Rxd5 Qxd5 30. Rxd5 Rc1+ 31. Qf1 Rxf1+ 32.
Bxf1 Nxe3 33. Rd7 a5 34. Bg2 axb4 35. axb4 h4 36. b5 Nxg2 37. Kxg2 h3+ 38.
Kf2 Ne4+ 39. Kf3 f5 40. Nxg6 Nf6 41. Re7 Ra8 42. Nh4 Ng4 43. Nxf5 Nxh2+ 44.
Ke4 Ra4+ 45. Kd5 Nf3 46. Rg7+ Kh8 47. Rg6 h2 48. Rh6+ Kg8 49. Ke6 Ra1 50.
Rg6+ Kh8 51. Rh6+ Kg8 52. Ne7+ Kg7 53. Rg6+ Kh8 54. Kf6 h1=Q 55. Rg8+ Kh7
56. Rg7+ Kh6 57. Nf5+ 1-0

[Event "69th ch-RUS HL 2016"]
[Site "Kolomna RUS"]
[Date "2016.07.01"]
[Round "9.9"]
[White "Rakhmanov, Aleksandr"]
[Black "Timofeev, Artyom"]
[Result "1/2-1/2"]
[WhiteElo "2655"]
[BlackElo "2586"]
[EventDate "2016.06.22"]

1. Nf3 c5 2. c4 Nf6 3. Nc3 d5 4. cxd5 Nxd5 5. Qa4+ Nc6 6. Ne5 Qc7 7. Nxc6
Nxc3 8. dxc3 Bd7 9. e4 Qxc6 10. Qxc6 Bxc6 11. f3 e6 12. a4 O-O-O 13. Bb5
Kc7 14. Ke2 a6 15. Bxc6 Kxc6 16. Be3 h5 17. Rhd1 Be7 18. Rxd8 Rxd8 19. Rd1
Rxd1 20. Kxd1 f5 21. c4 fxe4 22. fxe4 e5 23. Ke2 g5 24. g4 h4 25. h3 a5 26.
b3 b6 27. Bd2 Kd6 28. Be3 Kc6 29. Bd2 Kd6 30. Be3 Kc6 31. Bd2 1/2-1/2

[Event "69th ch-RUS HL 2016"]
[Site "Kolomna RUS"]
[Date "2016.07.01"]
[Round "9.10"]
[White "Pridorozhni, Aleksei"]
[Black "Romanov, Evgeny"]
[Result "1-0"]
[WhiteElo "2552"]
[BlackElo "2642"]
[EventDate "2016.06.22"]

1. e4 e5 2. Nf3 Nc6 3. d4 exd4 4. Nxd4 Bc5 5. Nxc6 bxc6 6. Bd3 Qh4 7. Qe2
Nf6 8. h3 O-O 9. g3 Qh5 10. g4 Qe5 11. g5 Ne8 12. f4 Qe7 13. Nc3 a5 14. Na4
Ba7 15. c3 d5 16. e5 g6 17. Be3 c5 18. c4 Bb7 19. Rh2 Bc6 20. b3 Bxa4 21.
bxa4 c6 22. h4 Ng7 23. h5 Rab8 24. Kf2 Rb7 25. Rah1 Nf5 26. Bxf5 gxf5 27.
Rg2 Qe6 28. Rhg1 Kg7 29. g6 fxg6 30. Rxg6+ hxg6 31. Rxg6+ Qxg6 32. hxg6 d4
33. Bc1 Rh8 34. Qd3 Rh5 35. Qf3 Rh2+ 36. Ke1 Rc7 37. Kd1 Rc8 38. Qg3 Rh5
39. Bd2 Bb6 40. Qb3 Rh1+ 41. Kc2 Bd8 42. Qb7+ Rc7 43. Qa8 d3+ 44. Kc3 Rh8
45. Qxa5 Kxg6 46. Qxc5 Be7 47. Qb6 Rcc8 48. Kxd3 Rcd8+ 49. Kc2 Kf7 50. e6+
Kxe6 51. Qxc6+ Kf7 52. Qg2 Rhg8 53. Qh3 Rg4 54. a5 Rd4 55. a6 Rxc4+ 56. Kb3
Rc7 57. Be3 Ke6 58. a7 Rg8 59. Qf3 Rcc8 60. Qb7 Bd6 61. Qa6 Kd7 62. a4 Rge8
63. Qb5+ Ke6 64. a5 Rg8 65. Qa6 Kd7 66. Ka4 Rge8 67. Qb5+ Ke6 68. Qb3+ Kd7
69. Qf7+ Kc6 70. Qxf5 1-0

[Event "69th ch-RUS HL 2016"]
[Site "Kolomna RUS"]
[Date "2016.07.01"]
[Round "9.11"]
[White "Shaposhnikov, Evgeny"]
[Black "Kobalia, Mikhail"]
[Result "1/2-1/2"]
[WhiteElo "2545"]
[BlackElo "2638"]
[EventDate "2016.06.22"]

1. e4 c5 2. Nf3 g6 3. d4 cxd4 4. Qxd4 Nf6 5. Nc3 Nc6 6. Qa4 d6 7. e5 dxe5
8. Nxe5 Bd7 9. Nxd7 Qxd7 10. Be3 Bg7 11. Rd1 Qc7 12. Bb5 O-O 13. Bxc6 bxc6
14. O-O a5 15. Rfe1 Rfd8 16. Qc4 Qb7 17. Na4 Nd5 18. Bd4 Qb5 19. Qxb5 cxb5
20. Bxg7 Kxg7 21. Rxd5 Rxd5 22. Nb6 Rad8 23. Nxd5 Rxd5 24. Kf1 Kf6 25. Re3
e5 26. Ke2 Ke6 27. Rc3 Kd6 28. Rc8 Rc5 29. Rxc5 Kxc5 30. c3 f5 31. b3 Kd5
32. f3 e4 33. Ke3 exf3 34. Kxf3 g5 35. g3 Ke5 36. h4 h6 37. hxg5 hxg5 38.
Ke3 Kd5 39. Kf3 Ke5 40. Ke3 Kd5 41. Kf3 Ke5 1/2-1/2

[Event "69th ch-RUS HL 2016"]
[Site "Kolomna RUS"]
[Date "2016.07.01"]
[Round "9.12"]
[White "Khismatullin, Denis"]
[Black "Gabrielian, Artur"]
[Result "1-0"]
[WhiteElo "2623"]
[BlackElo "2520"]
[EventDate "2016.06.22"]

1. d4 Nf6 2. c4 g6 3. Nc3 Bg7 4. e4 d6 5. f3 O-O 6. Be3 Nc6 7. Nge2 a6 8.
Qd2 Rb8 9. Rb1 Bd7 10. b4 e6 11. a4 a5 12. b5 Nb4 13. Nc1 e5 14. dxe5 dxe5
15. Nd3 Nxd3+ 16. Bxd3 Be6 17. O-O Nd7 18. c5 Qe7 19. Rfc1 c6 20. Nd1 Qd8
21. Nb2 Re8 22. Nc4 Bxc4 23. Bxc4 Bf8 24. Rd1 Nxc5 25. Bxf7+ Kxf7 26. Qa2+
Ne6 27. Rxd8 Rbxd8 28. bxc6 bxc6 29. Rb7+ Re7 30. Rxe7+ Bxe7 31. Qc4 Rd1+
32. Kf2 c5 33. Qb3 Ra1 34. Bd2 Kf6 35. f4 c4 36. fxe5+ Kg7 37. Qxc4 Kf7 38.
h3 Ra3 39. Kg1 h5 40. Bxa5 Bc5+ 41. Kf1 Ra1+ 42. Be1 Be7 43. Ke2 Bd8 44.
Qd5 Rb1 45. Qa2 Rc1 1-0

[Event "69th ch-RUS HL 2016"]
[Site "Kolomna RUS"]
[Date "2016.07.01"]
[Round "9.13"]
[White "Vavulin, Maksim"]
[Black "Kryakvin, Dmitry"]
[Result "1/2-1/2"]
[WhiteElo "2507"]
[BlackElo "2547"]
[EventDate "2016.06.22"]

1. e4 e5 2. Nf3 Nf6 3. Nxe5 d6 4. Nf3 Nxe4 5. Bd3 Nc5 6. Be2 Be7 7. O-O O-O
8. c4 Bg4 9. Nc3 c6 10. d4 Ncd7 11. Bf4 Re8 12. h3 Bh5 13. Re1 Nf8 14. Qb3
b6 15. d5 c5 16. Nd2 Bg6 17. Bf1 Na6 18. Nce4 f5 19. Ng3 Qd7 20. Nf3 Bf6
21. a3 Rxe1 22. Rxe1 Re8 23. Rd1 Be5 24. Nxe5 dxe5 25. Bc1 f4 26. Ne2 Nc7
27. Nc3 Qd6 28. Qa4 Nd7 29. Qxa7 Nf6 30. Qa4 Rd8 31. b4 e4 32. Qc6 Qe5 33.
d6 Ne6 34. Nd5 Bh5 35. Nxf6+ Qxf6 36. Rd5 Bf7 37. d7 Qa1 38. Rd1 e3 39.
fxe3 fxe3 40. Qxb6 Qc3 41. Qd6 Nf8 42. Qd3 cxb4 43. axb4 Qxb4 44. Qxe3 Rxd7
45. Rxd7 Nxd7 46. Qd4 Qc5 47. Be3 Qxd4 48. Bxd4 Nb8 49. Kf2 Nc6 50. Bc3 Be6
51. Ke3 Kf7 52. Ke4 g5 53. Be2 Kg6 54. c5 h5 55. Ba6 h4 56. Bb7 Nd8 57. Bd5
Bd7 58. Be1 Nc6 59. Bc4 Kf6 60. Bc3+ Ke7 61. Bb5 Kf7 62. Bc4+ Ke7 63. Be2
Nd8 64. Bf3 Nf7 65. Bb4 Kf6 66. Bc3+ Ke7 67. Bb2 Nh6 68. Bc1 Kf6 69. Kd5 g4
70. hxg4 Nxg4 71. Kd6 Bf5 72. c6 Nf2 73. Be3 Ne4+ 74. Kc7 Ng5 75. Bd5 Ne6+
76. Kd6 h3 77. gxh3 Bxh3 78. Bf2 Nf4 79. Bd4+ Kg6 80. Bc4 Bc8 81. Be3 Nh5
82. Be6 Ba6 83. Kc5 Ng7 84. Bb3 Nf5 85. Kb6 Bc8 86. Bc5 Kf6 87. Kc7 Ba6 88.
Kb6 Bc8 89. Bc4 Ne7 90. c7 Bd7 91. Bb4 Nc8+ 92. Kb7 Ke5 93. Bb3 Nd6+ 94.
Kb8 Nc8 95. Bc5 Nd6 96. Ba4 Bf5 97. Bc6 Nc8 98. Kb7 Nd6+ 99. Kb6 Nc8+ 100.
Kb5 Nd6+ 101. Kb4 Bc8 102. Kb3 Ne4 103. Be7 Ke6 104. Bb4 Nf6 105. Kc4 Kf7
106. Kb5 Ne8 107. Kb6 Nxc7 108. Kxc7 1/2-1/2

[Event "69th ch-RUS HL 2016"]
[Site "Kolomna RUS"]
[Date "2016.07.01"]
[Round "9.16"]
[White "Kozionov, Kirill"]
[Black "Grachev, Boris"]
[Result "1/2-1/2"]
[WhiteElo "2440"]
[BlackElo "2639"]
[EventDate "2016.06.22"]

1. e4 c5 2. Nf3 e6 3. d4 cxd4 4. Nxd4 Nc6 5. Nc3 a6 6. Nxc6 bxc6 7. Bd3 d5
8. O-O Nf6 9. Re1 Be7 10. e5 Nd7 11. Qg4 Kf8 12. Bd2 Bb7 13. Na4 c5 14. b3
Qc7 15. Qf4 Kg8 16. c4 d4 17. Be4 a5 18. Nb2 h5 19. Nd3 g6 20. Qf3 Bxe4 21.
Qxe4 Kg7 22. Nf4 Ra6 23. Rad1 Qc6 24. Qe2 a4 25. Bc1 axb3 26. axb3 Bd8 27.
Rd3 Bc7 28. Rg3 Bxe5 29. Nxh5+ Rxh5 30. Qxh5 Bxg3 31. Qh6+ Kg8 32. hxg3 Ra1
33. Qg5 Qa8 34. Kh2 Ra2 35. Kg1 e5 36. Qe7 Qc8 37. Bh6 Kh7 38. Qxf7+ Kxh6
39. Re4 g5 40. Qe6+ Kg7 41. Qe7+ Kg6 42. Qe6+ Kg7 43. Qe7+ Kg6 44. Qe6+ Kg7
45. Qe7+ Kg6 46. Qe6+ Kg7 47. Qe7+ 1/2-1/2

[Event "69th ch-RUS HL 2016"]
[Site "Kolomna RUS"]
[Date "2016.07.01"]
[Round "9.17"]
[White "Demchenko, Anton"]
[Black "Bezgodov, Alexei"]
[Result "1-0"]
[WhiteElo "2611"]
[BlackElo "2493"]
[EventDate "2016.06.22"]

1. e4 e5 2. Nf3 Nf6 3. Nxe5 d6 4. Nf3 Nxe4 5. d4 d5 6. Bd3 Nc6 7. O-O Be7
8. Nc3 Bf5 9. Re1 Nxc3 10. bxc3 Bxd3 11. Qxd3 O-O 12. Re2 Qd7 13. Bf4 a6
14. Rae1 b5 15. h4 Bf6 16. Bg5 Rae8 17. Bxf6 gxf6 18. Nh2 Rxe2 19. Rxe2 f5
20. Qg3+ Kh8 21. Nf1 f6 22. Qf4 Ne7 23. Ng3 Rf7 24. Qf3 Kg8 25. h5 Rg7 26.
Kf1 Rg5 27. Re1 Kf7 28. Ne2 c6 29. Nf4 Rg4 30. Qe3 Nc8 31. Nd3 Re4 32. Qh6
Rxe1+ 33. Nxe1 Ke6 34. Qf8 f4 35. Nd3 Kf5 36. Qg8 1-0

[Event "69th ch-RUS HL 2016"]
[Site "Kolomna RUS"]
[Date "2016.07.01"]
[Round "9.18"]
[White "Khegay, Dmitriy"]
[Black "Antipov, Mikhail Al."]
[Result "1-0"]
[WhiteElo "2434"]
[BlackElo "2584"]
[EventDate "2016.06.22"]

1. d4 Nf6 2. c4 e6 3. Nc3 Bb4 4. e3 O-O 5. Bd3 Re8 6. Ne2 c6 7. a3 Ba5 8.
c5 d5 9. cxd6 Qxd6 10. b4 Bb6 11. f4 Nd5 12. Ne4 Qe7 13. Bd2 a5 14. O-O
axb4 15. axb4 Rxa1 16. Qxa1 Na6 17. Rb1 Naxb4 18. Bxb4 Nxb4 19. Qa3 c5 20.
dxc5 Nd5 21. Nd6 Rd8 22. Rc1 Bc7 23. e4 Nf6 24. e5 Nd7 25. Nd4 g5 26. N4b5
Bb8 27. c6 bxc6 28. Rxc6 gxf4 29. Rxc8 Nxe5 30. Nc4 Qg5 31. Rxd8+ Qxd8 32.
Nxe5 Bxe5 33. Bf1 Qb6+ 34. Kh1 Qf2 35. Qd3 Kg7 36. Qe2 Qxe2 37. Bxe2 Kg6
38. Kg1 Kg5 39. Kf2 h5 40. Bc4 Kf6 41. Kf3 Ke7 42. Ke4 f3 43. g3 Kf6 44.
Kxf3 h4 45. gxh4 Bxh2 46. Nc3 Be5 47. Ne2 Kg6 48. Kg4 f5+ 49. Kh3 Kf6 50.
Ng1 Bf4 51. Nf3 e5 52. Bb5 Be3 53. Ne1 e4 54. Nc2 Bc5 55. Na1 Be3 56. Nb3
Bf4 57. Na5 Ke5 58. Nc6+ Kf6 59. Nb4 Bd2 60. Nc2 Ke5 61. Kg2 Kf4 62. Be2
Bc3 63. Kh3 Ke5 64. Ne3 f4 65. Nc4+ Kf5 66. Bg4+ Kf6 67. Bd1 Kf5 68. Bc2
Bb4 69. Bb1 f3 70. Ne3+ Ke5 71. Kg4 Bf8 72. Kg3 Kd4 73. Nf5+ Ke5 74. Kg4 f2
75. Ne3 Bh6 76. Nf1 Bf4 77. Bc2 Bh6 78. Kg3 e3 79. Bd3 Kd4 80. Be2 Ke4 81.
Kg4 Ke5 82. Kh5 Bf4 83. Kg6 1-0

[Event "69th ch-RUS HL 2016"]
[Site "Kolomna RUS"]
[Date "2016.07.01"]
[Round "9.19"]
[White "Chigaev, Maksim"]
[Black "Lobanov, Sergei"]
[Result "1/2-1/2"]
[WhiteElo "2542"]
[BlackElo "2433"]
[EventDate "2016.06.22"]

1. g3 Nf6 2. Bg2 e6 3. Nf3 d5 4. O-O Be7 5. d3 c5 6. Nbd2 Nc6 7. e4 b6 8.
Re1 Bb7 9. c3 Qc7 10. exd5 Nxd5 11. Nc4 O-O 12. a4 Rad8 13. Qb3 Rfe8 14. a5
b5 15. a6 bxc4 16. dxc4 Ba8 17. cxd5 exd5 18. Bf4 Bd6 19. Rxe8+ Rxe8 20.
Bxd6 Qxd6 21. Rd1 Rd8 22. Qa3 d4 23. Re1 d3 24. Nd2 Ne5 25. Bxa8 Rxa8 26.
Qa4 h6 27. f4 Nd7 28. Qe4 Rb8 29. Nc4 Qxa6 30. Qxd3 Nf6 31. Re2 Qb5 32. Re7
Qa6 33. Kg2 Qc6+ 34. Qf3 Qb5 35. Qe2 Qc6+ 36. Kg1 Qa6 37. h3 Rd8 38. Kg2
Qc6+ 39. Kh2 Qa6 40. Rxf7 Re8 41. Qd3 Qc6 42. Ne5 Rxe5 43. Rxf6 Qxf6
1/2-1/2

[Event "69th ch-RUS HL 2016"]
[Site "Kolomna RUS"]
[Date "2016.07.01"]
[Round "9.20"]
[White "Savchenko, Boris"]
[Black "Bocharov, Ivan"]
[Result "1-0"]
[WhiteElo "2633"]
[BlackElo "2517"]
[EventDate "2016.06.22"]

1. e4 e5 2. Nf3 Nc6 3. Bb5 a6 4. Ba4 Nf6 5. O-O Be7 6. Re1 b5 7. Bb3 d6 8.
a3 O-O 9. c3 Na5 10. Bc2 Re8 11. a4 b4 12. d4 c5 13. cxb4 cxb4 14. h3 exd4
15. Nxd4 d5 16. e5 Ne4 17. Nd2 Ra7 18. Nxe4 dxe4 19. Bxe4 Bc5 20. Bxh7+
Kxh7 21. Qc2+ Kg8 22. Qxc5 Rd7 23. Be3 Rd5 24. Qxb4 Rdxe5 25. Rad1 Qh4 26.
Nc6 Qxb4 27. Nxb4 Nb3 28. Rd6 a5 29. Nd5 Bb7 30. Rd1 Rc8 31. Nc3 Bc6 32.
Rd8+ Re8 33. Bb6 Kf8 34. Kf1 Rb8 35. Rxb8 Rxb8 36. Rd8+ Rxd8 37. Bxd8 f5
38. f3 Nc5 39. Bxa5 Nxa4 40. Nxa4 Bxa4 41. Kf2 Ke7 42. g4 fxg4 43. fxg4 g5
44. Bd2 Kf6 45. b4 Bb5 46. Kg3 Bf1 47. Bc3+ Ke6 48. h4 gxh4+ 49. Kxh4 Bb5
50. g5 1-0

[Event "69th ch-RUS HL 2016"]
[Site "Kolomna RUS"]
[Date "2016.07.01"]
[Round "9.21"]
[White "Gavrilov, Alexei"]
[Black "Gordievsky, Dmitry"]
[Result "0-1"]
[WhiteElo "2466"]
[BlackElo "2523"]
[EventDate "2016.06.22"]

1. d4 Nf6 2. Nf3 g6 3. c4 Bg7 4. Nc3 d5 5. Bg5 Ne4 6. Bf4 Nxc3 7. bxc3 O-O
8. cxd5 Qxd5 9. e3 Qa5 10. Qd2 Nd7 11. Rb1 c6 12. c4 Qxd2+ 13. Kxd2 Re8 14.
Be2 c5 15. Rhd1 b6 16. Ne5 cxd4 17. exd4 Nxe5 18. Bxe5 Bxe5 19. dxe5 Be6
20. Kc3 Rec8 21. Rb5 Rc7 22. f4 Rac8 23. Rd4 h5 24. g3 Kf8 25. a4 Bd7 26.
Rb4 Ke8 27. Bf3 Rc5 28. Bd5 R8c7 29. Kb3 e6 30. Bf3 Ke7 31. h4 f6 32. exf6+
Kxf6 33. Be4 Be8 34. Bd3 Rd7 35. Rxd7 Bxd7 36. Kc3 Ra5 37. Bc2 e5 38. fxe5+
Rxe5 39. Kd4 Re2 40. Be4 Ra2 41. Rb3 Rxa4 42. Rf3+ Bf5 43. Bxf5 gxf5 44.
Rb3 Ra1 45. Ke3 Re1+ 46. Kf3 Re7 47. Rb1 Rc7 48. Ra1 Ke5 49. Re1+ Kd4 50.
Rd1+ Kc3 51. Kf4 a5 52. Kxf5 Rc5+ 53. Kg6 a4 54. Ra1 Ra5 55. g4 hxg4 56. h5
Kb2 57. Rg1 a3 58. h6 a2 59. h7 Ra8 60. Rg2+ Kb3 61. Rg3+ Kb4 62. Rg1 g3
63. Kg7 Kxc4 64. h8=Q Rxh8 65. Kxh8 b5 66. Ra1 g2 0-1

[Event "69th ch-RUS HL 2016"]
[Site "Kolomna RUS"]
[Date "2016.07.01"]
[Round "9.22"]
[White "Oganian, Miran"]
[Black "Novikov, Maxim"]
[Result "1/2-1/2"]
[WhiteElo "2433"]
[BlackElo "2513"]
[EventDate "2016.06.22"]

1. d4 Nf6 2. c4 c5 3. d5 b5 4. cxb5 a6 5. bxa6 g6 6. Nc3 Bg7 7. e4 O-O 8.
Be2 Bxa6 9. Nf3 d6 10. O-O Nbd7 11. Rb1 Qa5 12. Bd2 Rfb8 13. b3 Bxe2 14.
Qxe2 Ne8 15. Na4 Qa6 16. Qxa6 Rxa6 17. Rbc1 Nc7 18. Bc3 Bh6 19. Bd2 Bg7 20.
Bc3 Nb5 21. Bxg7 Kxg7 22. Rfd1 f6 23. Kf1 Na3 24. Nc3 Rb4 25. Ne1 Nb5 26.
Nxb5 Rxb5 27. Rc2 Rba5 28. Rdd2 Ne5 29. Ke2 f5 30. exf5 gxf5 31. Nd3 Kf6
32. Nxe5 Kxe5 33. g3 Rb6 34. f4+ Kf6 35. Kd3 e6 36. dxe6 Kxe6 37. Re2+ Kd7
38. Kc3 Ra3 39. Rcd2 Rba6 40. Kc4 h5 41. Kd5 R3a5 42. a4 Rb6 43. Kc4 Rb4+
44. Kc3 Ra8 45. Ra2 Rab8 46. Ra3 h4 47. a5 hxg3 48. hxg3 Rg8 49. Re3 Ra8
50. Ra1 Rb5 51. a6 Rb6 52. a7 Rb7 53. Rh1 Kc6 54. Rh6 Rbxa7 55. Rd3 Rd8 56.
Rf6 Ra2 57. Rxf5 d5 58. Rd2 d4+ 59. Kd3 Rxd2+ 60. Kxd2 Rg8 1/2-1/2